Effect of hill spacing and ages seedlings raing chey at crops station of royal university of agriculture ឥទ្ធិពលចន្លោះគុម្ព និងអាយុសំណាបលើពូជស្រូវរាំជ័យនៅស្ថានីយ៍ពិសោធន៍ដំណាំនៃសាកលវិទ្យាល័យភូមិន្ទកសិកម្ម (Record no. 837)
[ view plain ]
| 000 -LEADER | |
|---|---|
| fixed length control field | 00766nam a22001577a 4500 |
| 003 - CONTROL NUMBER IDENTIFIER | |
| control field | OSt |
| 005 - DATE AND TIME OF LATEST TRANSACTION | |
| control field | 20150919142540.0 |
| 008 - FIXED-LENGTH DATA ELEMENTS--GENERAL INFORMATION | |
| fixed length control field | 150919b xxu||||| |||| 00| 0 eng d |
| 040 ## - CATALOGING SOURCE | |
| Transcribing agency | RUA |
| 082 ## - DEWEY DECIMAL CLASSIFICATION NUMBER | |
| Classification number | AGR PAN 2008 B036 Or.1 |
| 100 ## - MAIN ENTRY--PERSONAL NAME | |
| 9 (RLIN) | 868 |
| Personal name | PANN, VICHEAKA. |
| 245 ## - TITLE STATEMENT | |
| Title | Effect of hill spacing and ages seedlings raing chey at crops station of royal university of agriculture ឥទ្ធិពលចន្លោះគុម្ព និងអាយុសំណាបលើពូជស្រូវរាំជ័យនៅស្ថានីយ៍ពិសោធន៍ដំណាំនៃសាកលវិទ្យាល័យភូមិន្ទកសិកម្ម |
| 260 ## - PUBLICATION, DISTRIBUTION, ETC. (IMPRINT) | |
| Place of publication, distribution, etc. | Phnom Penh |
| Name of publisher, distributor, etc. | RUA |
| Date of publication, distribution, etc. | 2008 |
| 300 ## - PHYSICAL DESCRIPTION | |
| Extent | xiii; 44p. |
| Other physical details | ill. |
| Dimensions | 29cm. |
| 942 ## - ADDED ENTRY ELEMENTS (KOHA) | |
| Source of classification or shelving scheme | |
| Koha item type | AGR |
| Price effective from | Date last seen | Permanent Location | Not for loan | Date acquired | Source of classification or shelving scheme | Koha item type | Lost status | Withdrawn status | Date last checked out | Total Checkouts | Shelving location | Damaged status | Barcode | Current Location | Full call number |
|---|---|---|---|---|---|---|---|---|---|---|---|---|---|---|---|
| 2015-09-19 | 2015-09-19 | Library Block B | 2015-09-19 | AGR | B036 | RUA002637 | Library Block B | AGR PAN 2008 B036 Or.1 | |||||||
| 2015-09-19 | 2015-09-19 | Library Block B | 2015-09-19 | AGR | B036 | RUA002781 | Library Block B | AGR PAN 2008 B036 Or.2 | |||||||
| 2015-09-19 | 2015-09-19 | Library Block B | 2015-09-19 | AGR | B036 | RUA002448 | Library Block B | AGR PAN 2008 B036 Or.3 | |||||||
| 2015-09-19 | 2015-09-19 | Library Block B | 2015-09-19 | AGR | B036 | RUA002087 | Library Block B | AGR PAN 2008 B036 Or.4 | |||||||
| 2015-09-19 | 2018-07-24 | Library Block B | 2015-09-19 | AGR | 2018-07-16 | 1 | B036 | RUA002231 | Library Block B | AGR PAN 2008 B036 Or.5 | |||||
| 2015-09-19 | 2015-09-19 | Library Block B | 2015-09-19 | AGR | B036 | RUA002375 | Library Block B | AGR PAN 2008 B036 Or.6 | |||||||
| 2015-09-19 | 2015-09-19 | Library Block B | 2015-09-19 | AGR | B036 | RUA002078 | Library Block B | AGR PAN 2008 B036 Or.7 |